Responses for Show #699 - Thursday, September 24, 1987

Roy Holliday game 4.

Contestants

[<< previous game]

Judith Garwood, a writer originally from Reno, Nevada

Bill Cox, a portfolio manager from Santa Monica, California

Roy Holliday, a radiologist from Brooklyn, New York (whose 3-day cash winnings total $33,000)

[next game >>]

Jeopardy! Round responses

1977
FOOD
STARTS WITH "F"
WOMEN IN HISTORY
GAME SHOWS
ONE-WORD SONGS
    $100 12
tennis

Roy
    $100 7
a grape

Roy
    $100 6
fur

Bill
    $100 1
Betsy Ross

Roy
    $100 23
Groucho Marx

Roy
    $100 21
"MaƱana"

Judith
    $200 13
"You Light Up My Life"

Roy
    $200 17
(Bill: [*]?)
(Alex: Yes, and remember your...)
(Bill: What is.)

blueberry

Bill
    $200 8
(Judith: What a slip?)
(Alex: Be more specific.)
(Judith: A slip of the tongue.)

a Freudian slip

RoyJudith
    $200 2
Sacagawea

Judith
    $200 24
Concentration

Roy
    $200 22
"Thriller"

Roy
    $300 14
Queen Elizabeth

Bill
    $300 18
hot dogs

Roy
    $300 9
furrow

Roy
    $300 3
Australian

Roy
    $300 25
(Alex: We've got less than a minute to go.)

Celebrity Bullseye

Judith
    $300 27
(Judith: Uh, what's "Lucille"?)
[The end-of-round signal sounds.]

"Lady"

Judith
Triple Stumper
    $400 15
[Roy gave both responses.]

anti-inflammatory agent (a flame retardant)

Roy
    $400 19
spinach

Bill
    $400 10
fabrication

Roy
    $400 4
Bernadette

Judith
    $800 26
Gordon Liddy

Judith
    $500 16
(Roy: Who is Clinton Young?)

Roy Wilkins

Roy
Triple Stumper
    $500 20
(Roy: Who is Paul Prudhomme?)

Justin Wilson

Roy
Triple Stumper
    $500 11
fructose

Roy
    $500 5
Lenin

Bill

Scores at the first commercial break (after clue 15):

Roy Bill Judith
$2,600 $900 $400

Scores at the end of the Jeopardy! Round:

Roy Bill Judith
$2,400 $1,500 $1,300

Double Jeopardy! Round responses

1877
PRESIDENTIAL NICKNAMES
PREACHERS
HIGHWAYS & BYWAYS
THEATER
"ANN" OR "ANNE"
    $200 7
Northern Ireland

Judith
    $200 18
Harry Truman

Judith
    $200 13
Oral Roberts

Roy
    $200 3
Detroit

Roy
    $200 1
Neil Simon

Roy
    $200 8
Ann Arbor

Judith
    $1,200 14
Greece & Turkey

Roy
    $400 19
Ulysses S. Grant

Roy
    $400 27
Jackie Mason

Roy
    $400 22
Atlanta

Roy
    $400 2
Shakespeare

Bill
    $400 9
Anne Boleyn

Judith
    $600 15
(Alex: By Anna Sewell, correct.)

Black Beauty

Roy
    $600 20
(Bill: [*]. Who is [*]?)

Andrew Jackson

Bill
    $600 28
(Bill: What is, uh, Moody's, uh... Review?)
...
[The end-of-round signal sounds.]

the Moody Bible Institute

Bill
Triple Stumper
    $600 23
(Judith: What's Miami?)

Miami Beach

Judith
Triple Stumper
    $600 4
India

Roy
    $600 10
Anne of Cleves

Roy
    $800 16
the Westminster Kennel Club

Roy
    $800 21
Franklin Delano Roosevelt

Roy
    $800 24
(Alex: We've got less than a minute to go.)

the Bowery

Judith
    $800 5
Auntie Mame

Judith
    $2,000 11
Anne Bancroft & Annie Sullivan

Roy
    $1000 17
(Bill: What is the ratification of the Constitution?)

the American flag (the Stars & Stripes)

BillJudith
    $1000 26
(Bill: Who is, uh, William Harrison?)

(James) Polk

Bill
Triple Stumper
    $1000 25
(Roy: What is Church Street?)

Whitehall

Roy
Triple Stumper
    $1000 6
Children of a Lesser God

Roy
    $1000 12
Anne of Green Gables

Judith

Scores at the end of the Double Jeopardy! Round:

Roy Bill Judith
$10,800 -$100 $5,300
(lock game)

[wagering suggestions for these scores]

Final Jeopardy! Round responses

SOUTH AMERICA
JudithWhat are Peru & Argentina
$5,300
RoyWhat are Chile & Ecuador?
$100
Chile & Ecuador

Final scores:

Roy Bill Judith
$10,900 -$100 $0
4-day champion: $43,900 3rd place: Sam Moore wing chair + Jeopardy! computerized version or box game 2nd place: Marillat modular shelving system & Brother AX-33 Compactronic typewriter + Jeopardy! computerized version or box game

Game dynamics:

Coryat scores:

Roy Bill Judith
$8,800 -$100 $4,900
28 R
(including 2 DDs),
3 W
7 R,
3 W
13 R
(including 1 DD),
3 W

Combined Coryat: $13,600

[game clues] [game scores] [suggest correction]

Game tape date: 1987-06-17
The J! Archive is created by fans, for fans. Scraping, republication, monetization, and malicious use prohibited; this site may use cookies and collect identifying information. See terms. The Jeopardy! game show and all elements thereof, including but not limited to copyright and trademark thereto, are the property of Jeopardy Productions, Inc. and are protected under law. This website is not affiliated with, sponsored by, or operated by Jeopardy Productions, Inc. Join the discussion at JBoard.tv.